[Event "GRE-chT 50th"]
[Site "Nikaia"]
[Date "2023.08.28"]
[Round "5.9"]
[White "Gkavardinas, Antonios"]
[Black "Merkos, Thomas"]
[Result "1/2-1/2"]
[WhiteElo "2162"]
[BlackElo "1860"]
[PlyCount "116"]
[EventDate "2023.08.25"]
[EventType "team"]
[EventRounds "9"]
[EventCountry "GRE"]
[SourceTitle "EXT 2024"]
[Source "ChessBase"]
[SourceDate "2023.10.10"]
[SourceVersion "1"]
[SourceVersionDate "2023.10.10"]
[SourceQuality "1"]
[WhiteTeam "Evoiki ES"]
[BlackTeam "Phisiolatris"]
[WhiteTeamCountry "GRE"]
[BlackTeamCountry "GRE"]

1. e4 c5 2. Nf3 d6 3. d4 cxd4 4. Nxd4 Nf6 5. Nc3 g6 6. g3 Nc6 7. Bg2 Nxd4 8. Qxd4 Bg7 9. 0-0 0-0 10. Qd1 Rb8 11. a4 Bg4 12. Ne2 Qc8 13. c3 Bh3 14. Bxh3 Qxh3 15. Nf4 Qd7 16. Qe2 Qc6 17. f3 e6 18. Be3 a6 19. a5 Nd7 20. Nd3 Qc4 21. Qc2 Rfd8 22. Rfd1 Nc5 23. Nxc5 dxc5 24. Rxd8+ Rxd8 25. Rd1 Rxd1+ 26. Qxd1 h5 27. Bf2 Qb5 28. Qd8+ Kh7 29. Qc7 Qxb2 30. Qxf7 Qxc3 31. Qxb7 c4 32. Qxa6 Qc1+ 33. Kg2 c3 34. Qc4 Qa1 35. a6 c2 36. Qxc2 Qxa6 37. Qc7 Qa2 38. h4 Kh6 39. Qd7 Qc4 40. Be3+ Kh7 41. Bf2 Kh6 42. Qd2+ Kh7 43. Qe3 Bh6 44. Qa7+ Bg7 45. Qb7 Kh6 46. Qd7 Kh7 47. Qd1 Kh6 48. Kh3 Kh7 49. Be3 Qc3 50. Qe2 Qb4 51. Bg5 Qb1 52. Qg2 Qb2 53. Bd2 Qc2 54. g4 hxg4+ 55. fxg4 Qd3+ 56. Kh2 Be5+ 57. Kg1 Bd4+ 58. Kh2 Be5+ 1/2-1/2

[Event "GRE-chT 50th"]
[Site "Nikaia"]
[Date "2023.08.27"]
[Round "4.9"]
[White "Merkos, Thomas"]
[Black "Tsarsitalidis, Christos"]
[Result "1-0"]
[WhiteElo "1860"]
[BlackElo "2022"]
[PlyCount "111"]
[EventDate "2023.08.25"]
[EventType "team"]
[EventRounds "9"]
[EventCountry "GRE"]
[SourceTitle "EXT 2024"]
[Source "ChessBase"]
[SourceDate "2023.10.10"]
[SourceVersion "1"]
[SourceVersionDate "2023.10.10"]
[SourceQuality "1"]
[WhiteTeam "Phisiolatris"]
[BlackTeam "Kavalas"]
[WhiteTeamCountry "GRE"]
[BlackTeamCountry "GRE"]

1. e4 c5 2. Nf3 d6 3. d4 cxd4 4. Nxd4 Nf6 5. Nc3 a6 6. Be2 e5 7. Nf3 Be7 8. Nd2 b5 9. a4 b4 10. Nd5 Nxd5 11. exd5 Bb7 12. Nc4 a5 13. Ne3 0-0 14. 0-0 f5 15. c3 bxc3 16. bxc3 Nd7 17. Rb1 Qc7 18. Ba3 e4 19. c4 f4 20. Nc2 Ne5 21. Nd4 Bc8 22. f3 exf3 23. gxf3 Bh3 24. Re1 Rf6 25. Kh1 Rh6 26. Rg1 Bh4 27. Ne6 Bxe6 28. dxe6 Rxe6 29. Qd5 Qc8 30. Bf1 Nf7 31. Bh3 Re5 32. Bxc8 Rxd5 33. Bb7 Rd3 34. Bxa8 Rxa3 35. Bd5 Kf8 36. Rb7 Be7 37. Bxf7 Kxf7 38. Re1 Re3 39. Rxe3 fxe3 40. Kg2 Ke6 41. Kf1 Bf6 42. Ke2 Bd4 43. Kd3 Be5 44. h3 Kf6 45. Kxe3 Bc3 46. Ke4 Ke6 47. Ra7 h5 48. Kd3 Bb4 49. Rxg7 Kf5 50. Rb7 Be1 51. Rb1 Bg3 52. Rb5+ Kf4 53. Rxa5 h4 54. Rd5 Kxf3 55. a5 Bf2 56. Rf5+ 1-0

[Event "GRE-chT 50th"]
[Site "Nikaia"]
[Date "2023.08.25"]
[Round "1.9"]
[White "Kalogridis, Themistoklis"]
[Black "Merkos, Thomas"]
[Result "0-1"]
[WhiteElo "1857"]
[BlackElo "1860"]
[PlyCount "108"]
[EventDate "2023.08.25"]
[EventType "team"]
[EventRounds "9"]
[EventCountry "GRE"]
[SourceTitle "EXT 2024"]
[Source "ChessBase"]
[SourceDate "2023.10.10"]
[SourceVersion "1"]
[SourceVersionDate "2023.10.10"]
[SourceQuality "1"]
[WhiteTeam "Thessaloniki Aris"]
[BlackTeam "Phisiolatris"]
[WhiteTeamCountry "GRE"]
[BlackTeamCountry "GRE"]

1. d4 Nf6 2. c4 e6 3. Nc3 Bb4 4. e3 b6 5. Nge2 Ne4 6. Bd2 Nxd2 7. Qxd2 Bb7 8. a3 Bxc3 9. Nxc3 d5 10. cxd5 exd5 11. Be2 Nd7 12. Rc1 Nf6 13. 0-0 0-0 14. b4 Qe7 15. Qb2 Rfc8 16. Rfd1 Ne8 17. Bf3 Nf6 18. Rc2 a6 19. Rdc1 Rab8 20. Na4 Qd7 21. Qb3 Ne4 22. Nc3 Ba8 23. Nxe4 dxe4 24. Be2 Bd5 25. Bc4 c6 26. h3 Rd8 27. Bxd5 cxd5 28. Rc7 Qb5 29. a4 Qe8 30. Ra7 a5 31. b5 Rd7 32. Rcc7 Rbd8 33. Qc2 Kf8 34. Qc6 Rxc7 35. Rxc7 Qxc6 36. Rxc6 Rb8 37. Rd6 Ke7 38. Rxd5 f6 39. Rh5 h6 40. Rh4 Rc8 41. Rxe4+ Kd6 42. d5 Kxd5 43. Re7 Rc4 44. Rxg7 Rxa4 45. Rg6 Rb4 46. Rxh6 a4 47. Rh8 Rxb5 48. e4+ Ke6 49. Ra8 Ra5 50. Rc8 a3 51. Rc1 b5 52. Kf1 b4 53. Ke2 a2 54. Ra1 b3 0-1

[Event "GRE-ch U16"]
[Site "Peristeri"]
[Date "2023.07.09"]
[Round "9"]
[White "Merkos, Thomas"]
[Black "Balafoutis, Ilias"]
[Result "1/2-1/2"]
[WhiteElo "1867"]
[BlackElo "1432"]
[PlyCount "62"]
[EventDate "2023.07.03"]
[EventType "swiss"]
[EventRounds "9"]
[EventCountry "GRE"]
[SourceTitle "EXT 2024"]
[Source "ChessBase"]
[SourceDate "2023.10.10"]
[SourceVersion "1"]
[SourceVersionDate "2023.10.10"]
[SourceQuality "1"]

1. e4 c5 2. Nf3 e6 3. d4 cxd4 4. Nxd4 Nc6 5. Nc3 Qc7 6. Be2 Nf6 7. Be3 a6 8. 0-0 Bb4 9. Nxc6 bxc6 10. Bd3 d5 11. exd5 cxd5 12. f4 Bxc3 13. bxc3 Qxc3 14. Qf3 Bd7 15. Rab1 0-0 16. Rb3 Qc8 17. Bd4 Qd8 18. g4 Bb5 19. g5 Ne4 20. Qh5 e5 21. Bxe5 f6 22. Bd4 fxg5 23. Bxb5 axb5 24. Rh3 h6 25. Qg6 Qd7 26. Rxh6 Rf6 27. Qh7+ Kf7 28. Bxf6 Qg4+ 29. Kh1 Nf2+ 30. Rxf2 Qd1+ 31. Kg2 Qg4+ 1/2-1/2

[Event "GRE-ch U16"]
[Site "Peristeri"]
[Date "2023.07.06"]
[Round "5"]
[White "Chalkias, Michail Panagiotis"]
[Black "Merkos, Thomas"]
[Result "0-1"]
[WhiteElo "1532"]
[BlackElo "1867"]
[PlyCount "80"]
[EventDate "2023.07.03"]
[EventType "swiss"]
[EventRounds "9"]
[EventCountry "GRE"]
[SourceTitle "EXT 2024"]
[Source "ChessBase"]
[SourceDate "2023.10.10"]
[SourceVersion "1"]
[SourceVersionDate "2023.10.10"]
[SourceQuality "1"]

1. d4 d5 2. c4 e6 3. Nf3 a6 4. g3 dxc4 5. a4 c6 6. Bg2 Nf6 7. Na3 b5 8. 0-0 Nbd7 9. Qc2 Be7 10. b3 Bb7 11. bxc4 b4 12. Nb1 c5 13. Rd1 0-0 14. a5 Rc8 15. Qb3 cxd4 16. Rxd4 e5 17. Nxe5 Bxg2 18. Nxd7 Nxd7 19. Kxg2 Bf6 20. Bb2 Bxd4 21. Bxd4 Qe7 22. e3 Ne5 23. Bxe5 Qxe5 24. Ra4 Qe4+ 25. f3 Qxc4 26. Rxb4 Qxb3 27. Rxb3 Rb8 28. Nd2 Rxb3 29. Nxb3 Rc8 30. Kf2 Rc3 31. Nd4 Rc5 32. Ke2 Rxa5 33. Kd3 Ra3+ 34. Kd2 Kf8 35. h4 g6 36. Nc2 Rb3 37. Nd4 Rb6 38. Kc3 Ke7 39. Nc2 a5 40. Na3 a4 0-1

[Event "GRE-chT U16 14th"]
[Site "Rio Achaia"]
[Date "2022.12.15"]
[Round "1"]
[White "Merkos, Thomas"]
[Black "Mavridis, Athanasios Theof"]
[Result "0-1"]
[WhiteElo "1802"]
[BlackElo "1658"]
[PlyCount "80"]
[EventDate "2022.12.15"]
[EventType "team-swiss"]
[EventRounds "6"]
[EventCountry "GRE"]
[SourceTitle "EXT 2024"]
[Source "ChessBase"]
[SourceDate "2023.10.10"]
[SourceVersion "1"]
[SourceVersionDate "2023.10.10"]
[SourceQuality "1"]

1. e4 c5 2. Nf3 e6 3. d4 cxd4 4. Nxd4 Nc6 5. Nc3 Qc7 6. Nb3 a6 7. Bd3 b5 8. 0-0 Bb7 9. f4 Rc8 10. Qf3 Nf6 11. a3 Be7 12. Be3 Na5 13. Nxa5 Qxa5 14. f5 Qc7 15. Kh1 Bd6 16. fxe6 dxe6 17. Bf4 Bxf4 18. Qxf4 Qxf4 19. Rxf4 Nd7 20. a4 b4 21. Na2 a5 22. Bb5 Bc6 23. c3 bxc3 24. Nxc3 Ke7 25. Rd1 Ne5 26. Rf2 Rc7 27. Rfd2 Rhc8 28. Kg1 Bxb5 29. Nxb5 Rc1 30. Rxc1 Rxc1+ 31. Kf2 Nc4 32. Re2 Rb1 33. Nc3 Rxb2 34. Rxb2 Nxb2 35. Ke3 Kd6 36. Kd2 Kc5 37. Kc2 Nc4 38. Kb3 Ne3 39. g3 Nf1 40. Ne2 Nd2+ 0-1

[Event "GRE-ch U20"]
[Site "Trikala"]
[Date "2022.08.30"]
[Round "8"]
[White "Merkos, Thomas"]
[Black "Galanis, Nikolaos Panagiotis"]
[Result "1/2-1/2"]
[WhiteElo "1764"]
[BlackElo "1824"]
[PlyCount "62"]
[EventDate "2022.08.25"]
[EventType "swiss"]
[EventRounds "9"]
[EventCountry "GRE"]
[SourceTitle "CBM 210 Extra"]
[Source "ChessBase"]
[SourceDate "2022.11.30"]
[SourceVersion "1"]
[SourceVersionDate "2022.11.30"]
[SourceQuality "1"]

1. e4 c5 2. Nf3 d6 3. d4 cxd4 4. Nxd4 Nf6 5. Nc3 a6 6. Be3 e5 7. Nb3 Be7 8. h3 Be6 9. f4 exf4 10. Bxf4 Nc6 11. Qe2 Ne5 12. 0-0-0 Qc7 13. g4 0-0 14. Nd4 Rfe8 15. Nf5 Bf8 16. g5 Nfd7 17. Qd2 Rac8 18. Nxd6 Bxd6 19. Qxd6 Qa5 20. a3 Rxc3 21. bxc3 Qxc3 22. Qd4 Qxa3+ 23. Qb2 Qc5 24. Qxb7 Rc8 25. Qb2 g6 26. Rh2 Rb8 27. Qa1 Rb3 28. Rhd2 Rc3 29. Qb2 Rb3 30. Qa1 Rc3 31. Qb2 Rb3 1/2-1/2

[Event "GRE-ch U20"]
[Site "Trikala"]
[Date "2022.08.29"]
[Round "7"]
[White "Merkouropoulos, Dionysios"]
[Black "Merkos, Thomas"]
[Result "0-1"]
[WhiteElo "1643"]
[BlackElo "1764"]
[PlyCount "100"]
[EventDate "2022.08.25"]
[EventType "swiss"]
[EventRounds "9"]
[EventCountry "GRE"]
[SourceTitle "CBM 210 Extra"]
[Source "ChessBase"]
[SourceDate "2022.11.30"]
[SourceVersion "1"]
[SourceVersionDate "2022.11.30"]
[SourceQuality "1"]

1. d4 Nf6 2. c4 e6 3. Nc3 Bb4 4. e3 0-0 5. Bd3 d5 6. Nf3 b6 7. 0-0 Ba6 8. cxd5 exd5 9. Bxa6 Nxa6 10. Qa4 Qc8 11. a3 Bxc3 12. bxc3 c5 13. Ne5 Ne4 14. Bb2 f6 15. Nc6 Qd7 16. Qxa6 Qxc6 17. dxc5 Nxc5 18. Qe2 Na4 19. Rac1 Rac8 20. Rfd1 Qc4 21. Qxc4 Rxc4 22. Ba1 Rfc8 23. Rd3 Kf7 24. h3 Ke6 25. Kh2 Nc5 26. Rd4 Nb3 27. Rxc4 Rxc4 28. Rd1 Nxa1 29. Rxa1 Rxc3 30. Ra2 Kd6 31. Kg1 Rc1+ 32. Kh2 b5 33. Kg3 Kc5 34. Kf3 Kc4 35. h4 a5 36. h5 Kb3 37. Rd2 Kxa3 38. Rxd5 Ka4 39. Rd7 b4 40. Rxg7 b3 41. Rxh7 b2 42. Rb7 b1Q 43. Rxb1 Rxb1 44. Kf4 Kb5 45. Kf5 a4 46. h6 Rh1 47. Kg6 a3 48. h7 a2 49. Kg7 a1Q 50. h8Q Rxh8 0-1

[Event "GRE-ch U20"]
[Site "Trikala"]
[Date "2022.08.28"]
[Round "6"]
[White "Merkos, Thomas"]
[Black "Dimakis, Stavros"]
[Result "0-1"]
[WhiteElo "1764"]
[BlackElo "1585"]
[PlyCount "84"]
[EventDate "2022.08.25"]
[EventType "swiss"]
[EventRounds "9"]
[EventCountry "GRE"]
[SourceTitle "CBM 210 Extra"]
[Source "ChessBase"]
[SourceDate "2022.11.30"]
[SourceVersion "1"]
[SourceVersionDate "2022.11.30"]
[SourceQuality "1"]

1. e4 e6 2. d4 d5 3. exd5 exd5 4. Nf3 Bd6 5. c4 c6 6. Nc3 Ne7 7. Bd3 Nd7 8. 0-0 dxc4 9. Bxc4 0-0 10. Re1 h6 11. Ne5 Nxe5 12. dxe5 Bc5 13. Qf3 Ng6 14. Qg3 Bf5 15. Be3 Qe7 16. e6 fxe6 17. Bxe6+ Bxe6 18. Bxc5 Qxc5 19. Rxe6 Nf4 20. Rxh6 Nh5 21. Rxh5 Qxh5 22. Re1 Rae8 23. f3 Qc5+ 24. Kh1 Qb4 25. Rb1 Re3 26. Ne4 Qc4 27. Qg6 Qxa2 28. Ng5 Rfe8 29. Qh7+ Kf8 30. Qf5+ Ke7 31. Rd1 Qd5 32. Qxd5 cxd5 33. h4 Rd8 34. Rd2 d4 35. Kg1 Rb3 36. Kf2 d3 37. Ne4 Rc8 38. Nc3 Kf8 39. Ke3 b5 40. g4 a5 41. Ne4 Rc2 42. Rxd3 Rcxb2 0-1

[Event "GRE-ch U20"]
[Site "Trikala"]
[Date "2022.08.27"]
[Round "4"]
[White "Merkos, Thomas"]
[Black "Loukopoulos, Panagiotis Athanasi"]
[Result "0-1"]
[WhiteElo "1764"]
[BlackElo "2081"]
[PlyCount "64"]
[EventDate "2022.08.25"]
[EventType "swiss"]
[EventRounds "9"]
[EventCountry "GRE"]
[SourceTitle "CBM 210 Extra"]
[Source "ChessBase"]
[SourceDate "2022.11.30"]
[SourceVersion "1"]
[SourceVersionDate "2022.11.30"]
[SourceQuality "1"]

1. e4 e6 2. d4 d5 3. exd5 exd5 4. Nf3 Nc6 5. Bb5 Bd6 6. 0-0 Nge7 7. c4 dxc4 8. Nbd2 0-0 9. Nxc4 Bg4 10. Bxc6 Nxc6 11. d5 Ne7 12. Ne3 Bh5 13. g4 Bg6 14. Qd4 f5 15. b3 fxg4 16. Bb2 Rf7 17. Ng5 Nf5 18. Nxf7 Nxd4 19. Nxd8 Nf3+ 20. Kh1 Rxd8 21. Rfd1 Be4 22. Kg2 Nxh2+ 23. Kg1 g3 24. fxg3 Bxg3 25. Nf5 Bxf5 26. Kg2 Bd6 27. Re1 Ng4 28. Rac1 Bf4 29. Rc5 b6 30. Rc6 Rxd5 31. Ba3 Rd2+ 32. Kf3 Rf2# 0-1

[Event "GRE-ch U16 Attiki"]
[Site "Peristeri"]
[Date "2022.06.28"]
[Round "5"]
[White "Proutsalis, Marios Alexandros"]
[Black "Merkos, Thomas"]
[Result "1-0"]
[WhiteElo "1461"]
[BlackElo "1864"]
[PlyCount "67"]
[EventDate "2022.06.24"]
[EventType "swiss"]
[EventRounds "7"]
[EventCountry "GRE"]
[SourceTitle "EXT 2023"]
[Source "ChessBase"]
[SourceDate "2022.10.05"]
[SourceVersion "1"]
[SourceVersionDate "2022.10.05"]
[SourceQuality "1"]

1. e4 c5 2. Nc3 Nc6 3. g3 g6 4. Bg2 Bg7 5. d3 d6 6. Be3 b6 7. f4 Bb7 8. Nh3 Qd7 9. 0-0 Nh6 10. f5 Ne5 11. Nf4 Neg4 12. Bd2 Bd4+ 13. Kh1 gxf5 14. Qe2 fxe4 15. dxe4 Ng8 16. Nh5 e6 17. Qxg4 0-0-0 18. Qe2 Rf8 19. Be3 Bxc3 20. bxc3 Qa4 21. Nf6 Ba6 22. Qf3 Bxf1 23. Rxf1 Ne7 24. Bh6 Qxc2 25. Bxf8 Rxf8 26. Nxh7 Rh8 27. Qxf7 Kd8 28. Qg7 Rg8 29. Qf7 Qxa2 30. Nf6 Rh8 31. Qg7 Re8 32. Nxe8 Kxe8 33. Rf8+ Kd7 34. h4 1-0

[Event "GRE-ch U16 Attiki"]
[Site "Peristeri"]
[Date "2022.06.25"]
[Round "2"]
[White "Nteligiorgis, Georgios"]
[Black "Merkos, Thomas"]
[Result "1/2-1/2"]
[WhiteElo "1518"]
[BlackElo "1864"]
[PlyCount "64"]
[EventDate "2022.06.24"]
[EventType "swiss"]
[EventRounds "7"]
[EventCountry "GRE"]
[SourceTitle "EXT 2023"]
[Source "ChessBase"]
[SourceDate "2022.10.05"]
[SourceVersion "1"]
[SourceVersionDate "2022.10.05"]
[SourceQuality "1"]

1. e4 c5 2. Nf3 e6 3. d4 cxd4 4. Nxd4 Nf6 5. Nc3 Nc6 6. Be2 d6 7. 0-0 Be7 8. Be3 0-0 9. f4 a6 10. Qe1 Qc7 11. Qg3 d5 12. e5 Nxd4 13. Bxd4 Ne4 14. Nxe4 dxe4 15. c4 Rd8 16. Bc3 Qb6+ 17. Kh1 g6 18. b4 Qc6 19. a4 b6 20. h4 a5 21. b5 Qc5 22. Bb2 Bb7 23. f5 Rd2 24. Ba3 Qc7 25. fxg6 fxg6 26. Qf4 Bb4 27. Bxb4 Rxe2 28. Bd6 Qd7 29. Qh6 Qg7 30. Qxg7+ Kxg7 31. Rae1 Rc2 32. Rc1 Ra2 1/2-1/2

[Event "GRE-ch U14"]
[Site "Patras"]
[Date "2021.09.04"]
[Round "8"]
[White "Merkos, Thomas"]
[Black "Bantekas, Achilleas"]
[Result "1-0"]
[WhiteElo "1703"]
[BlackElo "1357"]
[PlyCount "106"]
[EventDate "2021.08.30"]
[EventType "swiss"]
[EventRounds "9"]
[EventCountry "GRE"]
[SourceTitle "EXT 2022"]
[Source "ChessBase"]
[SourceDate "2021.10.06"]
[SourceVersion "1"]
[SourceVersionDate "2021.10.06"]
[SourceQuality "1"]

1. e4 c5 2. Nf3 e6 3. d4 cxd4 4. Nxd4 Nc6 5. Nc3 Qc7 6. Nb3 a6 7. Bd3 b5 8. 0-0 Nf6 9. f4 d6 10. Qf3 Bb7 11. Be3 Nb4 12. a3 Nxd3 13. cxd3 d5 14. Rac1 Qd8 15. Nc5 Rb8 16. Nxb7 Rxb7 17. exd5 Nxd5 18. Nxd5 exd5 19. Bd4 f6 20. Qg4 Qd7 21. Rc8+ Kf7 22. Qxd7+ Rxd7 23. Re1 Bb4 24. Rec1 Bd2 25. R1c7 Rhd8 26. g3 Ba5 27. Rxd7+ Rxd7 28. Rc6 Rc7 29. Rxa6 Rc1+ 30. Kg2 Bc7 31. Ra7 Ke6 32. Bc3 Kd7 33. Ba5 Kd6 34. Rxc7 Rxc7 35. Bxc7+ Kxc7 36. Kf3 Kd6 37. Ke3 Kc5 38. b3 f5 39. d4+ Kb6 40. Kd3 h6 41. Kc3 Ka5 42. h4 h5 43. b4+ Ka6 44. Kb3 Kb6 45. a4 Ka6 46. Ka3 Kb6 47. axb5 Kxb5 48. Kb3 g6 49. Ka3 Ka6 50. Ka4 Kb6 51. b5 Kb7 52. Ka5 Kc7 53. Ka6 Kb8 1-0

[Event "GRE-ch U14"]
[Site "Patras"]
[Date "2021.09.03"]
[Round "7"]
[White "Giannoulis, Grigorios"]
[Black "Merkos, Thomas"]
[Result "1-0"]
[WhiteElo "1789"]
[BlackElo "1703"]
[PlyCount "120"]
[EventDate "2021.08.30"]
[EventType "swiss"]
[EventRounds "9"]
[EventCountry "GRE"]
[SourceTitle "EXT 2022"]
[Source "ChessBase"]
[SourceDate "2021.10.06"]
[SourceVersion "1"]
[SourceVersionDate "2021.10.06"]
[SourceQuality "1"]

1. e4 c5 2. Nf3 e6 3. d4 cxd4 4. Nxd4 Nc6 5. Nc3 Qc7 6. Be3 a6 7. Qd2 Nf6 8. f3 b5 9. 0-0-0 Bb7 10. Kb1 Ne5 11. Bf4 d6 12. Bxe5 dxe5 13. Nb3 Be7 14. Bd3 0-0 15. Ne2 Rfd8 16. g4 b4 17. h4 a5 18. h5 a4 19. Nbc1 g6 20. hxg6 fxg6 21. b3 Ba6 22. Qe3 axb3 23. cxb3 Qa7 24. Qxa7 Rxa7 25. Bxa6 Rxa6 26. Rxd8+ Bxd8 27. Nd3 Rd6 28. Nxb4 Rd2 29. Nc1 Rf2 30. Rh3 Nd7 31. Ncd3 Re2 32. Rh1 Bg5 33. a4 Bd2 34. a5 Re3 35. Kc2 Re2 36. Kb1 Re3 37. Ka2 Nc5 38. Nxc5 Bxb4 39. Nb7 Re2+ 40. Kb1 Bc3 41. Rd1 Rb2+ 42. Kc1 Rxb3 43. Kc2 Rxb7 44. Kxc3 Kg7 45. g5 h6 46. gxh6+ Kxh6 47. Kc4 Kg5 48. Rd3 Kf4 49. a6 Rh7 50. Ra3 Rh8 51. a7 Ra8 52. Kb5 g5 53. Kb6 Rh8 54. Ka6 Rg8 55. Rb3 Ra8 56. Kb7 Rxa7+ 57. Kxa7 g4 58. fxg4 Kxe4 59. Rg3 Kf4 60. Rg1 Ke4 1-0

[Event "GRE-ch U14"]
[Site "Patras"]
[Date "2021.08.30"]
[Round "1"]
[White "Theodoroglakis, Ioannis"]
[Black "Merkos, Thomas"]
[Result "0-1"]
[WhiteElo "1084"]
[BlackElo "1703"]
[PlyCount "60"]
[EventDate "2021.08.30"]
[EventType "swiss"]
[EventRounds "9"]
[EventCountry "GRE"]
[SourceTitle "EXT 2022"]
[Source "ChessBase"]
[SourceDate "2021.10.06"]
[SourceVersion "1"]
[SourceVersionDate "2021.10.06"]
[SourceQuality "1"]

1. c4 e6 2. Nc3 Bb4 3. g3 Nf6 4. Bg2 c5 5. Nf3 Nc6 6. d3 0-0 7. 0-0 Bxc3 8. bxc3 d5 9. cxd5 exd5 10. Ba3 b6 11. d4 Ne4 12. Rc1 Re8 13. Re1 Bb7 14. e3 Na5 15. dxc5 bxc5 16. Bb2 Nc4 17. Ba1 Qa5 18. Re2 Bc6 19. Ne1 Rad8 20. Bxe4 dxe4 21. Qb3 Qa6 22. Rb1 Ba4 23. Qb7 Qxb7 24. Rxb7 Bd1 25. Reb2 Nxb2 26. Bxb2 Be2 27. Kg2 Rd1 28. Nc2 Bf1+ 29. Kg1 Bh3+ 30. Ne1 Rxe1# 0-1

[Event "Ambelokipi op 177th"]
[Site "Athens"]
[Date "2020.09.30"]
[Round "3"]
[White "Merkos, Thomas"]
[Black "Marianidis, Dimitrios"]
[Result "1-0"]
[WhiteElo "1689"]
[BlackElo "1770"]
[PlyCount "41"]
[EventDate "2020.09.16"]
[EventType "swiss"]
[EventRounds "7"]
[EventCountry "GRE"]
[SourceTitle "EXT 2024"]
[Source "ChessBase"]
[SourceDate "2023.10.10"]
[SourceVersion "1"]
[SourceVersionDate "2023.10.10"]
[SourceQuality "1"]

1. e4 c5 2. Nf3 d6 3. d4 cxd4 4. Nxd4 Nf6 5. Nc3 g6 6. Be3 Bg7 7. f3 0-0 8. Qd2 Nc6 9. 0-0-0 Bd7 10. Kb1 Re8 11. g4 Ne5 12. h4 h5 13. gxh5 Nxh5 14. Be2 Rc8 15. f4 Nc4 16. Bxc4 Rxc4 17. f5 Qa5 18. Rhg1 Be5 19. fxg6 f6 20. Qe2 Rxc3 21. Qxh5 1-0

[Event "GRE-ch South U14"]
[Site "Athens"]
[Date "2020.09.01"]
[Round "7"]
[White "Merkos, Thomas"]
[Black "Basinas, Konstantinos"]
[Result "1-0"]
[WhiteElo "1727"]
[BlackElo "1500"]
[PlyCount "152"]
[EventDate "2020.08.28"]
[EventType "swiss"]
[EventRounds "9"]
[EventCountry "GRE"]
[SourceTitle "EXT 2023"]
[Source "ChessBase"]
[SourceDate "2022.10.05"]
[SourceVersion "1"]
[SourceVersionDate "2022.10.05"]
[SourceQuality "1"]

1. e4 e5 2. Nf3 Nc6 3. Bc4 Bc5 4. 0-0 Nf6 5. d3 d6 6. c3 a5 7. Re1 0-0 8. Nbd2 Ba7 9. Nf1 h6 10. h3 Re8 11. Ng3 Ne7 12. a4 Ng6 13. Qb3 Rf8 14. d4 c6 15. dxe5 dxe5 16. Nf5 Qc7 17. g4 Rb8 18. Qc2 b5 19. Bb3 Nd7 20. axb5 cxb5 21. Ne3 Bb7 22. Nd5 Bxd5 23. Bxd5 a4 24. Rd1 Bc5 25. Ne1 Rfc8 26. Ng2 Nb6 27. Qe2 Qe7 28. Be3 Bd6 29. Rab1 Nc4 30. Bxc4 Rxc4 31. f3 Rbc8 32. Ra1 Nf8 33. Rd5 Bc5 34. Bxc5 R4xc5 35. Ne3 Ne6 36. Ng2 Rxd5 37. exd5 Qc5+ 38. Kh2 Qxd5 39. Rd1 Qc5 40. Qe4 Ng5 41. Qe2 Qc6 42. Kg3 f6 43. h4 Ne6 44. Qe3 a3 45. bxa3 Qxc3 46. Rd3 Qc5 47. Qd2 Nd4 48. Ne3 Qc1 49. Qxc1 Rxc1 50. Nd5 Kf7 51. h5 Ke6 52. Nb4 Kd6 53. Na2 Rc4 54. Nb4 Kc5 55. Kf2 Rc1 56. Ke3 Nc2+ 57. Ke4 Nxb4 58. axb4+ Kxb4 59. Rd7 Ka4 60. Ra7+ Kb3 61. Rxg7 b4 62. Rg6 Ka2 63. Rxf6 b3 64. Ra6+ Kb1 65. Rxh6 Rc4+ 66. Kd3 Rc5 67. Rb6 b2 68. h6 Kc1 69. h7 Rc8 70. g5 b1Q+ 71. Rxb1+ Kxb1 72. g6 Rd8+ 73. Ke4 Rd4+ 74. Kxe5 Rh4 75. g7 Rxh7 76. g8Q Re7+ 1-0

[Event "GRE-chT U16"]
[Site "Thessaloniki"]
[Date "2019.11.29"]
[Round "2.3"]
[White "Georgiadis, Athanasios Kat"]
[Black "Merkos, Thomas"]
[Result "1/2-1/2"]
[WhiteElo "1572"]
[BlackElo "1650"]
[PlyCount "76"]
[EventDate "2019.11.28"]
[EventType "team-swiss"]
[EventRounds "6"]
[EventCountry "GRE"]
[SourceTitle "CBM 193 Extra"]
[Source "ChessBase"]
[SourceDate "2020.01.31"]
[SourceVersion "1"]
[SourceVersionDate "2020.01.31"]
[SourceQuality "1"]
[WhiteTeam "Katerinis"]
[BlackTeam "Nikaia Fysiolatris"]
[WhiteTeamCountry "GRE"]
[BlackTeamCountry "GRE"]

1. e4 Nf6 2. e5 Nd5 3. d4 d6 4. Nf3 dxe5 5. Nxe5 c6 6. c4 Nb4 7. Be3 Bf5 8. Bd3 Nxd3+ 9. Nxd3 Nd7 10. 0-0 e6 11. Nc3 Nf6 12. Ne5 Bd6 13. h3 Qc7 14. Bf4 Nd7 15. g4 Bg6 16. Nxg6 hxg6 17. Bxd6 Qxd6 18. Kg2 Nf6 19. d5 cxd5 20. cxd5 Nxd5 21. Nxd5 Qxd5+ 22. Qxd5 exd5 23. Rad1 0-0-0 24. Rfe1 Rd7 25. f4 b6 26. Rd2 Kb7 27. g5 Rc8 28. Kg3 Rc4 29. b3 Rc3+ 30. Kg4 f5+ 31. gxf6 gxf6 32. h4 Kc7 33. h5 gxh5+ 34. Kxh5 Rg3 35. Kh6 Kd6 36. f5 Rf7 37. Ree2 Rf8 38. Kh7 Rf7+ 1/2-1/2

[Event "GRE-chT 47th"]
[Site "Patras"]
[Date "2019.07.05"]
[Round "5.1"]
[White "Dristellas, Neoklis"]
[Black "Merkos, Thomas"]
[Result "1/2-1/2"]
[WhiteElo "1577"]
[BlackElo "1665"]
[PlyCount "89"]
[EventDate "2019.07.02"]
[EventType "team-swiss"]
[EventRounds "7"]
[EventCountry "GRE"]
[SourceTitle "CBM 191 Extra"]
[Source "ChessBase"]
[SourceDate "2019.09.30"]
[SourceVersion "1"]
[SourceVersionDate "2019.09.30"]
[SourceQuality "1"]
[WhiteTeam "Kavalas"]
[BlackTeam "Nikaia Fysiolatris"]
[WhiteTeamCountry "GRE"]
[BlackTeamCountry "GRE"]

1. e4 c5 2. Nf3 e6 3. d4 cxd4 4. Nxd4 Nc6 5. Nxc6 bxc6 6. Bd3 d6 7. 0-0 e5 8. Kh1 Nf6 9. c4 Be7 10. Nc3 0-0 11. h3 Nd7 12. f4 Rb8 13. b3 Nc5 14. Bc2 Ne6 15. Ne2 Bf6 16. f5 Nd4 17. Be3 c5 18. Nc3 Bb7 19. Nd5 Bxd5 20. exd5 Bg5 21. Bxd4 cxd4 22. Qh5 Qf6 23. g4 Rbe8 24. Be4 Bf4 25. Rg1 g6 26. g5 Qxf5 27. Bxf5 gxh5 28. Be4 Kh8 29. h4 h6 30. g6 fxg6 31. Rxg6 Rd8 32. Rag1 Be3 33. R1g3 Rf1+ 34. Kg2 Rf2+ 35. Kh1 Rf1+ 36. Kg2 Rg1+ 37. Kh2 Rxg3 38. Kxg3 Rg8 39. c5 Rxg6+ 40. Bxg6 dxc5 41. Kf3 Kg7 42. Bxh5 Kf6 43. Bg4 Bd2 44. Ke4 Bf4 45. Bf3 1/2-1/2

[Event "GRE-ch U12"]
[Site "Patras"]
[Date "2019.07.01"]
[Round "9.2"]
[White "Hartofylakas, Spyros"]
[Black "Merkos, Thomas"]
[Result "1-0"]
[WhiteElo "1611"]
[BlackElo "1691"]
[PlyCount "65"]
[EventDate "2019.06.25"]
[EventType "swiss"]
[EventRounds "9"]
[EventCountry "GRE"]
[SourceTitle "EXT 2020"]
[Source "ChessBase"]
[SourceDate "2019.10.17"]
[SourceVersion "1"]
[SourceVersionDate "2019.10.17"]
[SourceQuality "1"]
[WhiteTeam "Greece"]
[BlackTeam "Greece"]
[WhiteTeamCountry "GRE"]
[BlackTeamCountry "GRE"]

1. e4 Nf6 2. e5 Nd5 3. d4 d6 4. exd6 exd6 5. c4 Nb6 6. Nc3 Nc6 7. h3 Bf5 8. a3 Be7 9. Nf3 a5 10. b3 Bf6 11. Be3 0-0 12. Be2 Re8 13. 0-0 Bg6 14. Nh2 Ne7 15. g4 h6 16. Qd2 Qc8 17. f4 Nc6 18. Nf3 Qd7 19. f5 Bh7 20. Bd3 d5 21. c5 Nc8 22. Rae1 b6 23. cxb6 cxb6 24. h4 g6 25. g5 Be7 26. gxh6 Bxa3 27. Ng5 Bf8 28. Nxh7 Kxh7 29. fxg6+ fxg6 30. Qg2 Re6 31. Nxd5 Bxh6 32. Nf6+ Rxf6 33. Rxf6 1-0